| 000 -LEADER |
| fixed length control field |
00832nam a2200265Ia 4500 |
| 001 - CONTROL NUMBER |
| control field |
10575 |
| 003 - CONTROL NUMBER IDENTIFIER |
| control field |
GE_BSU |
| 005 - DATE AND TIME OF LATEST TRANSACTION |
| control field |
20190604173745.0 |
| 008 - FIXED-LENGTH DATA ELEMENTS--GENERAL INFORMATION |
| fixed length control field |
181216s1993|||| |||||||||||||| ||eng|| |
| 040 ## - CATALOGING SOURCE |
| Transcribing agency |
GE_BSU |
| 041 ## - LANGUAGE CODE |
| Language code of text/sound track or separate title |
eng |
| 080 ## - UNIVERSAL DECIMAL CLASSIFICATION NUMBER |
| Universal Decimal Classification number |
657 W-53 |
| 100 ## - MAIN ENTRY--PERSONAL NAME |
| Personal name |
Weygandt, J. |
| 9 (RLIN) |
2066 |
| 245 ## - TITLE STATEMENT |
| Title |
Accounting Principles / |
| Statement of responsibility, etc. |
J.Jerry Weygandt ; E.Donald Kieso ; G.Walter Kell ; Executive Editor : Michael Reynolds. |
| 264 ## - PRODUCTION, PUBLICATION, DISTRIBUTION, MANUFACTURE, AND COPYRIGHT NOTICE |
| Place of production, publication, distribution, manufacture |
New York,Sons : |
| Name of producer, publisher, distributor, manufacturer |
Inc, |
| Date of production, publication, distribution, manufacture, or copyright notice |
1993. |
| 300 ## - PHYSICAL DESCRIPTION |
| Extent |
1325 p .: |
| Dimensions |
28 cm. |
| 653 ## - INDEX TERM--UNCONTROLLED |
| keyword |
Accounting Principles |
| 653 ## - INDEX TERM--UNCONTROLLED |
| keyword |
საბუღალტრო პრინციპები |
| 653 ## - INDEX TERM--UNCONTROLLED |
| keyword |
ბუღალტერია |
| 700 ## - ADDED ENTRY--PERSONAL NAME |
| Personal name |
Kieso E.Donald |
| 9 (RLIN) |
2067 |
| 700 ## - ADDED ENTRY--PERSONAL NAME |
| Personal name |
Kell G.Walter |
| 9 (RLIN) |
2068 |
| 700 ## - ADDED ENTRY--PERSONAL NAME |
| Personal name |
Reynolds, Michael |
| Relator term |
Executive Editor |
| 9 (RLIN) |
2069 |
| 942 ## - ADDED ENTRY ELEMENTS (KOHA) |
| Koha item type |
წიგნი |
| Source of classification or shelving scheme |
|